| 000 | 00984cam a2200313 a 4500 | ||
|---|---|---|---|
| 001 | 1045238 | ||
| 003 | ARRUPE | ||
| 005 | 20131220173359.0 | ||
| 008 | 911113s1991 enkaf b 001 0beng d | ||
| 010 | _agb 91056593 | ||
| 015 | _aGB91-56593 | ||
| 020 |
_a0434695173 : _c£18.50 |
||
| 035 | _a(OCoLC)282194364 | ||
| 035 | _a(OCoLC)ocn282194364 | ||
| 035 | _a(CStRLIN)NYCG91-B96239 | ||
| 035 | _a(NNC)1045238 | ||
| 040 |
_aUk _cUk _dDLC _dCStRLIN _dNNC |
||
| 043 | _ae-uk--- | ||
| 090 |
_aPR6029.R8 _bZ7817 1991b |
||
| 100 | 1 |
_aShelden, Michael. _96468 |
|
| 245 | 1 | 0 |
_aOrwell : _bthe authorised biography / _cMichael Shelden. |
| 260 |
_aLondon : _bHeinemann, _c1991. |
||
| 300 |
_a564 p., [16] p. of plates : _bill. ; _c25 cm. |
||
| 504 | _aIncludes bibliographical references (p. 490-534) and index. | ||
| 600 | 1 | 0 |
_aOrwell, George, _d1903-1950 _vBiography. _96469 |
| 650 | 0 |
_aAuthors, English _y20th century _vBiography. _96470 |
|
| 942 |
_2lcc _cMONOGRAPH |
||
| 999 |
_c119487 _d119487 |
||